LEADER 01137nam a2200277 i 4500 001 000000168548 003 CaOOAMICUS 005 20080118000000.0 008 080118s2005 it u000 u ita u 013 $a145950 020 $a88-8272-243-0 040 $aSeMil$bita 100 1 $aMartino, Renato Raffaele .$0(OLS)http://semarc/name/63278 245 10$aPace e guerra /$cRenato Raffaele Card. Martino ; prefazione di Koïchiro Matsuura, Direttore Generale dell'UNESCO. 260 $aSiena :$bCantagalli,$ccopyr. 2005. 300 $a159 p. ;$c19 cm. 500 $aDono del Card. Dionigi Tettamanzi. 650 4$aGuerra e pace - Cristianesimo.$0(OLS)http://semarc/subject/32144 700 1 $aMatsuura, Koïchiro.$0(OLS)http://semarc/name/63279 850 $aSeMil 852 $aSeMil$W1$xVenegono$y1$m2E I 461$j119595$B119595$CSeMilBibl$Z2$F130958 $81 941 1 $a5 961 $aOmaggio: Tettamanzi Card. Dionigi 996 $6020$a88-8272-243-0$9(OLS)http://semarc/number/155315 996 $6245$aPace e guerra$9(OLS)http://semarc/title/241131 996 $6260$aSiena :$bCantagalli$9(OLS)http://semarc/publisher/29767 LEADER 00780nab a2200169 i 4500 001 000000274165 003 CaOOAMICUS 005 20101118000000.0 008 101118n xx uu u0 0und r 013 $a22641 040 $aSeMil$bita 245 10$aStorie e cinema :$bgli «Uomini di Dio». - 23 p. - Titolo dalla copertina. - In copertina : Inizia il 39. anno. 500 $aNovembre 2010. 700 1 $aLa Spezia .$0(OLS)http://semarc/name/84049 700 1 $aLiguria : Mediateca Regionale Ligure .$0(OLS)http://semarc/name/84035 773 0 $t[2009-2011.$dRoma : CiSCS, copyr. 2009-2011.$w()177638 996 $6245$aStorie e cinema :$bgli «Uomini di Dio». - 23 p. - Titolo dalla copertina. - In copertina : Inizia il 39. anno.$9(OLS)http://semarc/title/360944 LEADER 00612naa a2200145 i 4500 001 000000294714 003 CaOOAMICUS 005 20180831172512.0 008 180831n xx u000 u und u 013 $a1991 040 $aSeMil$bita 100 1 $aColombo, Giuseppe,$c.$0(OLS)http://semarc/name/376 245 13$aIl magistero recente :$bindirizzi e problemi. 773 0 $aAmbrosio, Gianni $tChiesa e il declino della politica.$dMilano : Glossa, copyr. 1994.$kDisputatio $z88-7105-037-1$w()44557 996 $6245$aIl magistero recente :$bindirizzi e problemi$9(OLS)http://semarc/title/370792